Richard Dawkins: The Blind Watchmaker (Record no. 334348)
[ view plain ]
| 000 -LEADER | |
|---|---|
| fixed length control field | 00557nam a2200097Ia 4500 |
| 008 - FIXED-LENGTH DATA ELEMENTS--GENERAL INFORMATION | |
| fixed length control field | 170517s9999 xx 000 0 und d |
| 245 ## - TITLE STATEMENT | |
| Title | Richard Dawkins: The Blind Watchmaker |
| 300 ## - PHYSICAL DESCRIPTION | |
| Extent | One of the earliest efforts from Richard Dawkins in his identification and attack on the rise of creationism with the rising star of the US fundamentalist Christian demographic. In the important documentary, Dawkins shows ways to easily refute some of the more common... |
| 650 ## - SUBJECT ADDED ENTRY--TOPICAL TERM | |
| General subdivision | Science. |
| 856 ## - ELECTRONIC LOCATION AND ACCESS | |
| Uniform Resource Identifier | <a href="http://topdocumentaryfilms.com/richard-dawkins-blind-watchmaker/">http://topdocumentaryfilms.com/richard-dawkins-blind-watchmaker/</a> |
| Withdrawn status | Lost status | Damaged status | Home library | Current library | Date acquired | Total Checkouts | Date last seen | Price effective from | Koha item type |
|---|---|---|---|---|---|---|---|---|---|
| College Library | College Library | 05/17/2017 | 05/17/2017 | 05/17/2017 | Documentary Films |